[Event "Riadh Rapid op"]
[Site "Riadh"]
[Date "2023.03.17"]
[Round "2"]
[White "Farhan, Marwan Ali"]
[Black "Omar, Noaman"]
[Result "0-1"]
[WhiteElo "1970"]
[BlackElo "2345"]
[PlyCount "60"]
[EventDate "2023.03.17"]
[EventType "swiss (rapid)"]
[EventRounds "9"]
[EventCountry "SAU"]
[SourceTitle "CBM 213 Extra"]
[Source "ChessBase"]
[SourceDate "2023.05.31"]
[SourceVersion "1"]
[SourceVersionDate "2023.05.31"]
[SourceQuality "1"]

1. d4 d5 2. c4 e6 3. Nf3 Nf6 4. Nc3 Be7 5. Bg5 0-0 6. e3 h6 7. Bh4 Ne4 8. Bxe7 Qxe7 9. Nxe4 dxe4 10. Ne5 c5 11. Qc2 Rd8 12. 0-0-0 f6 13. Ng6 Qf7 14. Nf4 cxd4 15. exd4 f5 16. g4 Nc6 17. d5 Nb4 18. Qd2 a5 19. dxe6 Bxe6 20. Qxd8+ Rxd8 21. Rxd8+ Kh7 22. a3 Bxc4 23. axb4 Bxf1 24. Rd1 fxg4 25. Rdxf1 Qxf4+ 26. Kb1 axb4 27. Re1 Qf3 28. Rhf1 Qd3+ 29. Ka1 b3 30. Rg1 h5 0-1

[Event "Riadh Rapid op"]
[Site "Riadh"]
[Date "2023.03.17"]
[Round "3"]
[White "Omar, Noaman"]
[Black "Salem, AR Saleh"]
[Result "0-1"]
[WhiteElo "2345"]
[BlackElo "2677"]
[PlyCount "136"]
[EventDate "2023.03.17"]
[EventType "swiss (rapid)"]
[EventRounds "9"]
[EventCountry "SAU"]
[SourceTitle "CBM 213 Extra"]
[Source "ChessBase"]
[SourceDate "2023.05.31"]
[SourceVersion "1"]
[SourceVersionDate "2023.05.31"]
[SourceQuality "1"]

1. d4 Nf6 2. c4 g6 3. Nc3 d5 4. cxd5 Nxd5 5. e4 Nxc3 6. bxc3 Bg7 7. Nf3 c5 8. h3 0-0 9. Be2 Nc6 10. Be3 cxd4 11. cxd4 Qa5+ 12. Bd2 Qa3 13. d5 Ne5 14. 0-0 Nxf3+ 15. Bxf3 Bd7 16. Rb1 Qxa2 17. Rxb7 Ba4 18. Qe1 Rfb8 19. Rxb8+ Rxb8 20. Bc3 Bh6 21. e5 Bb5 22. e6 f6 23. Qa1 Qxa1 24. Rxa1 Bf4 25. Bb4 Be5 26. Rc1 Kf8 27. g4 Bd3 28. Bc5 a5 29. d6 exd6 30. Be3 Rb1 31. Rxb1 Bxb1 32. Bc6 Ke7 33. Bd2 Kxe6 34. Bxa5 d5 35. Bb5 Ba2 36. Bd2 Bc4 37. Ba4 g5 38. Bc2 h6 39. Bf5+ Ke7 40. Bb4+ Bd6 41. Bc3 Bc5 42. Bd2 d4 43. f3 Be2 44. Kf2 Bc4 45. f4 Bd6 46. fxg5 hxg5 47. Kf3 Bf1 48. Ke4 d3 49. Kf3 Bc5 50. Bc3 Bd6 51. Bd2 Kf7 52. Bc3 Bf4 53. Bd4 d2 54. Bc2 Bxh3 55. Bc3 Bf1 56. Bd4 Bc4 57. Bc3 Bd3 58. Bb3+ Kg6 59. Bd1 f5 60. gxf5+ Kxf5 61. Kf2 g4 62. Bb4 g3+ 63. Kg1 Be4 64. Bc5 Ke5 65. Bb6 Kd5 66. Ba7 Kc4 67. Be2+ Kc3 68. Bd1 Kb2 0-1

[Event "Biel HTO 54th"]
[Site "Biel"]
[Date "2021.07.30"]
[Round "5"]
[White "Omar, Noaman"]
[Black "Gueci, Tea"]
[Result "1/2-1/2"]
[WhiteElo "2367"]
[BlackElo "2179"]
[PlyCount "100"]
[EventDate "2021.07.26"]
[EventType "swiss"]
[EventRounds "9"]
[EventCountry "SUI"]
[SourceTitle "CBM 203 Extra"]
[Source "ChessBase"]
[SourceDate "2021.09.30"]
[SourceVersion "1"]
[SourceVersionDate "2021.09.30"]
[SourceQuality "1"]

1. d4 d5 2. c4 e6 3. Nc3 c5 4. e3 Nc6 5. Nf3 Nf6 6. a3 a6 7. Bd3 dxc4 8. Bxc4 cxd4 9. exd4 Be7 10. 0-0 0-0 11. Ba2 b5 12. Bg5 b4 13. Na4 bxa3 14. bxa3 h6 15. Bh4 Nd5 16. Bg3 Bd7 17. Re1 Qa5 18. Bxd5 exd5 19. Nc5 Bxc5 20. dxc5 Qxc5 21. Ne5 Nxe5 22. Bxe5 Bf5 23. Re3 Rac8 24. h4 Rfe8 25. Rc3 Qb5 26. Rxc8 Rxc8 27. Qf3 Qd3 28. Qxd3 Bxd3 29. Rd1 Bc4 30. Bd4 a5 31. f3 a4 32. Rc1 Re8 33. Rc2 h5 34. Kf2 f6 35. Rb2 Bb3 36. Re2 Rc8 37. Rd2 Kf7 38. g4 hxg4 39. fxg4 Re8 40. Re2 Re4 41. Rxe4 dxe4 42. Ke3 Bc2 43. Kf4 g6 44. Bc3 Bd1 45. Bd4 Ke6 46. Kxe4 Bxg4 47. Kf4 Bh5 48. Bc3 f5 49. Bb2 Kd5 50. Bf6 Kc4 1/2-1/2

[Event "Online Olym Div3 B"]
[Site "Chess.com INT"]
[Date "2020.08.09"]
[Round "8.1"]
[White "Greet, Andrew"]
[Black "Omar, Noaman"]
[Result "1-0"]
[WhiteElo "2417"]
[BlackElo "2367"]
[PlyCount "99"]
[EventDate "2020.08.07"]
[EventType "team-tourn (rapid)"]
[EventRounds "9"]
[EventCountry "USA"]
[SourceTitle "CBM 198"]
[Source "ChessBase"]
[SourceDate "2020.10.31"]
[SourceVersion "1"]
[SourceVersionDate "2020.10.31"]
[SourceQuality "1"]
[WhiteTeam "Scotland"]
[BlackTeam "United Arab Emirates"]
[WhiteTeamCountry "SCO"]
[BlackTeamCountry "UAE"]

1. e4 c6 2. d4 d5 3. e5 Bf5 4. h4 h5 5. Bd3 Bxd3 6. Qxd3 e6 7. Bg5 Be7 8. Nf3 Nh6 9. Nbd2 Nf5 10. Nf1 Qb6 11. Ng3 Nxg3 12. fxg3 Qa6 13. Qd2 f6 14. Bf4 Nd7 15. Qe3 0-0-0 16. Rf1 Qc4 17. c3 Rhe8 18. b3 Qa6 19. a4 c5 20. Rc1 c4 21. bxc4 dxc4 22. Kf2 Nb6 23. Qe2 Nxa4 24. Nd2 fxe5 25. Bxe5 Rf8+ 26. Kg1 Rxf1+ 27. Qxf1 Bf6 28. Bxf6 Rf8 29. Qe2 gxf6 30. Qxh5 Qd6 31. Ne4 Qa3 32. Qh6 f5 33. Rf1 Qe7 34. Rf3 Rg8 35. Ng5 Re8 36. Re3 Qd6 37. Qg6 Re7 38. Nxe6 Kd7 39. Nf8+ Kc7 40. Rxe7+ Qxe7 41. Ne6+ Kd7 42. Nf4 Nxc3 43. Qxf5+ Kc7 44. Qa5+ Kd6 45. Qxc3 Qc7 46. Qb4+ Kd7 47. Nd5 Qxg3 48. Qxb7+ Kd6 49. Qb8+ Kxd5 50. Qxg3 1-0

[Event "UAE-ch"]
[Site "Sharjah"]
[Date "2019.08.21"]
[Round "6"]
[White "Omar, Noaman"]
[Black "Al Darmaky, Sultan"]
[Result "1-0"]
[WhiteElo "2369"]
[BlackElo "1776"]
[PlyCount "121"]
[EventDate "2019.08.16"]
[EventType "swiss"]
[EventRounds "9"]
[EventCountry "UAE"]
[SourceTitle "EXT 2020"]
[Source "ChessBase"]
[SourceDate "2019.10.17"]
[SourceVersion "1"]
[SourceVersionDate "2019.10.17"]
[SourceQuality "1"]

1. d4 Nf6 2. c4 g6 3. Nc3 d5 4. Nf3 Bg7 5. Qb3 dxc4 6. Qxc4 0-0 7. e4 Nc6 8. Bf4 Nh5 9. Be3 Bg4 10. d5 Na5 11. Qb4 c6 12. Rd1 Qc7 13. Be2 Rfd8 14. 0-0 Rac8 15. Qa3 Bxf3 16. gxf3 Nf4 17. d6 Nxe2+ 18. Nxe2 exd6 19. Rc1 b5 20. b3 Nb7 21. Qxa7 c5 22. Nf4 Ra8 23. Nd5 Rxa7 24. Nxc7 Rxa2 25. Nxb5 Na5 26. Rb1 Rb8 27. Nxd6 Rxb3 28. Nc4 h5 29. Nxa5 Rxb1 30. Rxb1 Rxa5 31. Rb8+ Kh7 32. Rb7 Kg8 33. Rb8+ Kh7 34. Rd8 c4 35. Rc8 c3 36. f4 h4 37. Kg2 Bf6 38. Rc6 Kg7 39. Kf3 Ra3 40. Kg4 Ra5 41. h3 Ra1 42. e5 Be7 43. Kf3 Ra4 44. Rc7 Kf8 45. Rc8+ Kg7 46. Rxc3 Kf8 47. Rc8+ Kg7 48. Re8 Ba3 49. Kg4 Re4 50. Kxh4 Rc4 51. Kg4 Rc7 52. f5 Rc4+ 53. f4 gxf5+ 54. Kxf5 Rc6 55. h4 Rh6 56. Bd4 Kh7 57. Kg4 Rg6+ 58. Kh3 Rc6 59. h5 Rc4 60. Rd8 Bc1 61. e6 1-0

[Event "Biel MTO op 52nd"]
[Site "Biel"]
[Date "2019.07.30"]
[Round "8"]
[White "Omar, Noaman"]
[Black "Notkevich, Benjamin Arvola"]
[Result "0-1"]
[WhiteElo "2369"]
[BlackElo "2497"]
[PlyCount "72"]
[EventDate "2019.07.22"]
[EventType "swiss"]
[EventRounds "9"]
[EventCountry "SUI"]
[SourceTitle "CBM 191 Extra"]
[Source "ChessBase"]
[SourceDate "2019.09.30"]
[SourceVersion "1"]
[SourceVersionDate "2019.09.30"]
[SourceQuality "1"]

1. d4 Nf6 2. c4 c5 3. d5 b5 4. Nf3 e6 5. Bg5 b4 6. e4 d6 7. a3 Be7 8. axb4 Nxe4 9. Bxe7 Qxe7 10. bxc5 exd5 11. Be2 dxc4 12. 0-0 0-0 13. Bxc4 Nxc5 14. b4 Ne6 15. Nc3 Nc6 16. Nd5 Qd8 17. Re1 Bb7 18. Nd2 Ne5 19. Ba2 a5 20. b5 Nc5 21. Re3 Rb8 22. f4 Ned3 23. Ne7+ Kh8 24. f5 Re8 25. f6 gxf6 26. Qf1 Nd7 27. Qxd3 Rxe7 28. Bb1 Nf8 29. Rxe7 Qxe7 30. Ra4 Re8 31. Nf1 Ng6 32. Qf5 Kg7 33. Rxa5 Bxg2 34. Bd3 Ba8 35. Ra4 Qb7 36. Rg4 Re5 0-1

[Event "Biel MTO op 52nd"]
[Site "Biel"]
[Date "2019.07.29"]
[Round "7"]
[White "Santos Ruiz, Miguel"]
[Black "Omar, Noaman"]
[Result "1/2-1/2"]
[WhiteElo "2567"]
[BlackElo "2369"]
[PlyCount "91"]
[EventDate "2019.07.22"]
[EventType "swiss"]
[EventRounds "9"]
[EventCountry "SUI"]
[SourceTitle "CBM 191 Extra"]
[Source "ChessBase"]
[SourceDate "2019.09.30"]
[SourceVersion "1"]
[SourceVersionDate "2019.09.30"]
[SourceQuality "1"]

1. d4 d5 2. c4 e6 3. Nc3 Be7 4. cxd5 exd5 5. Bf4 Nf6 6. e3 Bf5 7. Nge2 0-0 8. a3 c6 9. Ng3 Be6 10. Bd3 c5 11. Nf5 Bxf5 12. Bxf5 cxd4 13. exd4 Nc6 14. b4 g6 15. Bh3 Nh5 16. Bh6 Re8 17. 0-0 Bg5 18. Bxg5 Qxg5 19. g3 Nf4 20. Bd7 Red8 21. Bxc6 bxc6 22. h4 Qf6 23. gxf4 Qxf4 24. Re1 Re8 25. Qd3 Qxh4 26. Re3 Rxe3 27. Qxe3 Qg4+ 28. Kf1 h5 29. b5 Qd7 30. Qf3 Re8 31. bxc6 Qxc6 32. Nxd5 Kg7 33. Kg2 Rd8 34. Nc3 Qxf3+ 35. Kxf3 Rxd4 36. Ke3 Rd7 37. Rb1 h4 38. Ne4 Re7 39. Kf3 Rd7 40. Rb3 f5 41. Nc5 Rd5 42. Rb7+ Kh6 43. Rc7 g5 44. Rc6+ Kh5 45. Kg2 g4 46. Ne6 1/2-1/2

[Event "Biel MTO op 52nd"]
[Site "Biel"]
[Date "2019.07.26"]
[Round "5"]
[White "Vaibhav, Suri"]
[Black "Omar, Noaman"]
[Result "1-0"]
[WhiteElo "2591"]
[BlackElo "2369"]
[PlyCount "83"]
[EventDate "2019.07.22"]
[EventType "swiss"]
[EventRounds "9"]
[EventCountry "SUI"]
[SourceTitle "CBM 191 Extra"]
[Source "ChessBase"]
[SourceDate "2019.09.30"]
[SourceVersion "1"]
[SourceVersionDate "2019.09.30"]
[SourceQuality "1"]

1. e4 e6 2. d4 d5 3. Nc3 Bb4 4. e5 c5 5. a3 Bxc3+ 6. bxc3 Qa5 7. Bd2 Qa4 8. Qg4 Kf8 9. h4 Nc6 10. h5 h6 11. Qd1 b6 12. Nf3 Ba6 13. Bxa6 Qxa6 14. dxc5 bxc5 15. Qe2 c4 16. a4 Rb8 17. 0-0 Nge7 18. Nh4 Ke8 19. Bc1 Qa5 20. Qe3 Rd8 21. Rd1 d4 22. cxd4 Nd5 23. Qe4 Ncb4 24. Ba3 Qc7 25. Bxb4 Nxb4 26. Nf3 Nd5 27. Rdb1 Qd7 28. Qg4 Rg8 29. Rb5 a6 30. Rc5 c3 31. a5 Rb8 32. Ne1 g6 33. Nd3 Kf8 34. hxg6 Rxg6 35. Qf3 Kg7 36. Nf4 Nxf4 37. Qxf4 Rb4 38. Rd1 Qb7 39. g3 Rb1 40. Rxb1 Qxb1+ 41. Kg2 Qb7+ 42. Qf3 1-0

[Event "Sharjah Masters 3rd"]
[Site "Sharjah"]
[Date "2019.03.25"]
[Round "4"]
[White "Omar, Noaman"]
[Black "Kuybokarov, Temur"]
[Result "1/2-1/2"]
[WhiteElo "2356"]
[BlackElo "2519"]
[PlyCount "116"]
[EventDate "2019.03.22"]
[EventType "swiss"]
[EventRounds "9"]
[EventCountry "UAE"]
[SourceTitle "CBM 189 Extra"]
[Source "ChessBase"]
[SourceDate "2019.06.03"]
[SourceVersion "1"]
[SourceVersionDate "2019.06.03"]
[SourceQuality "1"]

1. d4 g6 2. c4 Bg7 3. e4 d6 4. Nc3 c5 5. d5 Bxc3+ 6. bxc3 Nf6 7. Qc2 e5 8. g3 Qe7 9. h4 Nbd7 10. Bg5 h6 11. Bd2 Nb6 12. Bd3 Bd7 13. Qc1 Qf8 14. f3 0-0-0 15. Ne2 Ne8 16. h5 g5 17. g4 Ng7 18. Ng3 Kc7 19. Ke2 Ra8 20. Rb1 Qe7 21. Qa3 Rhb8 22. Nf1 f6 23. Ne3 Kd8 24. Rb3 Be8 25. Rhb1 Ba4 26. R3b2 Qd7 27. Be1 Nc8 28. Bf2 Ne7 29. Bc2 Bxc2 30. Nxc2 Nc8 31. Kd3 Ne8 32. Be1 b6 33. Ne3 Ne7 34. Rb3 Nc7 35. Bd2 Rb7 36. Be1 Rab8 37. Bd2 a5 38. Qc1 a4 39. R3b2 Ke8 40. Nc2 Nc8 41. Na3 Na7 42. Nb5 Naxb5 43. cxb5 Ra8 44. c4 Kf7 45. Bc3 Ne8 46. Rf2 Kg8 47. Bd2 Qc8 48. Qc2 Rg7 49. Ke2 Kh8 50. Qd3 Kg8 51. Rc1 Kh8 52. Rc3 Kg8 53. Ra3 Kh8 54. Qc2 Rga7 55. Be3 Kg8 56. Bd2 Kh8 57. Be3 Kg8 58. Bd2 Kh8 1/2-1/2

[Event "Olympiad-43"]
[Site "Batumi"]
[Date "2018.10.05"]
[Round "11.1"]
[White "Omar, Noaman"]
[Black "Galego, Luis"]
[Result "1/2-1/2"]
[WhiteElo "2356"]
[BlackElo "2471"]
[PlyCount "104"]
[EventDate "2018.09.24"]
[EventType "team-swiss"]
[EventRounds "11"]
[EventCountry "GEO"]
[SourceTitle "CBM 187"]
[Source "ChessBase"]
[SourceDate "2018.12.11"]
[SourceVersion "1"]
[SourceVersionDate "2018.12.11"]
[SourceQuality "1"]
[WhiteTeam "United Arab Emirates"]
[BlackTeam "Portugal"]
[WhiteTeamCountry "UAE"]
[BlackTeamCountry "POR"]

1. d4 Nf6 2. c4 e6 3. Nf3 Bb4+ 4. Nbd2 0-0 5. a3 Be7 6. e4 d6 7. Be2 Nbd7 8. Qc2 e5 9. d5 a5 10. Nb1 Nc5 11. Nc3 a4 12. Be3 Nfd7 13. Rd1 Bf6 14. g4 Nb6 15. g5 Be7 16. Rg1 Ra5 17. Rg3 Bd7 18. Kf1 f5 19. gxf6 Bxf6 20. Kg2 Qe7 21. Rg1 Nb3 22. Qd1 Raa8 23. Kh1 Kh8 24. R1g2 Rae8 25. Kg1 Qd8 26. h4 Re7 27. h5 Qe8 28. Rh2 Ref7 29. Ng5 Bxg5 30. Rxg5 Qe7 31. Rg3 Rf4 32. Rhg2 R8f7 33. Bd3 Nc5 34. Ne2 Rf3 35. Rxf3 Rxf3 36. Ng3 Rf7 37. Nf5 Bxf5 38. exf5 Nxd3 39. Qxd3 h6 40. Bxb6 cxb6 41. Rg6 Qf8 42. f6 Rxf6 43. Rxf6 Qxf6 44. Qd1 Qg5+ 45. Kf1 e4 46. Qd4 Qxh5 47. Qxe4 Qf7 48. Qe3 Qc7 49. Qe8+ Kh7 50. Qxa4 h5 51. Qc2+ g6 52. Qe4 Qd7 1/2-1/2

[Event "Olympiad-43"]
[Site "Batumi"]
[Date "2018.10.03"]
[Round "9.1"]
[White "Tagelsir, Abubaker"]
[Black "Omar, Noaman"]
[Result "0-1"]
[WhiteElo "2236"]
[BlackElo "2356"]
[PlyCount "79"]
[EventDate "2018.09.24"]
[EventType "team-swiss"]
[EventRounds "11"]
[EventCountry "GEO"]
[SourceTitle "CBM 187"]
[Source "ChessBase"]
[SourceDate "2018.12.11"]
[SourceVersion "1"]
[SourceVersionDate "2018.12.11"]
[SourceQuality "1"]
[WhiteTeam "Sudan"]
[BlackTeam "United Arab Emirates"]
[WhiteTeamCountry "SUD"]
[BlackTeamCountry "UAE"]

1. e4 c6 2. c4 d5 3. cxd5 cxd5 4. exd5 Nf6 5. Nc3 Nxd5 6. Nf3 Nc6 7. Bb5 e6 8. 0-0 Be7 9. d4 0-0 10. Re1 Nf6 11. a3 Bd7 12. Bd3 Rc8 13. Bb1 Nb8 14. Ne5 Bc6 15. Re3 Nbd7 16. Nxc6 bxc6 17. Rg3 Re8 18. Bh6 g6 19. Ba2 Nb6 20. h4 Bd6 21. Rh3 Nbd5 22. h5 Nxc3 23. bxc3 Nxh5 24. Rxh5 gxh5 25. Qxh5 Bf8 26. Bg5 Be7 27. Bh6 Bf8 28. Bb1 Qd5 29. Qg4+ Kh8 30. c4 f5 31. Qd1 Qd7 32. Be3 Bg7 33. Ra2 c5 34. d5 exd5 35. cxd5 c4 36. Qh5 Re5 37. Rd2 c3 38. Rc2 Rxd5 39. Ba2 Rb5 40. Bh6 0-1

[Event "Olympiad-43"]
[Site "Batumi"]
[Date "2018.09.30"]
[Round "6.40"]
[White "Omar, Noaman"]
[Black "Cawdery, Daniel"]
[Result "0-1"]
[WhiteElo "2356"]
[BlackElo "2422"]
[PlyCount "106"]
[EventDate "2018.09.24"]
[EventType "team-swiss"]
[EventRounds "11"]
[EventCountry "GEO"]
[SourceTitle "CBM 187"]
[Source "ChessBase"]
[SourceDate "2018.12.11"]
[SourceVersion "1"]
[SourceVersionDate "2018.12.11"]
[SourceQuality "1"]
[WhiteTeam "United Arab Emirates"]
[BlackTeam "South Africa"]
[WhiteTeamCountry "UAE"]
[BlackTeamCountry "RSA"]

1. d4 Nf6 2. c4 g6 3. Nc3 Bg7 4. e4 d6 5. h3 0-0 6. Nf3 e5 7. d5 a5 8. Be3 Na6 9. Nd2 Nd7 10. g4 f5 11. gxf5 gxf5 12. exf5 Ndc5 13. Nde4 Bxf5 14. Nxc5 Nxc5 15. Qd2 a4 16. Rg1 Bg6 17. Be2 Qf6 18. Rc1 e4 19. Nb5 Rf7 20. Nd4 Re8 21. Rc3 Nd3+ 22. Bxd3 exd3 23. Kd1 c5 24. Ne6 Qf3+ 25. Kc1 Bxc3 26. Qxc3 Qxh3 27. Qxd3 Rxe6 28. dxe6 Qxe6 29. Rg5 Rf5 30. Rxf5 Bxf5 31. Qc3 Kf7 32. Kd2 Qf6 33. Qxf6+ Kxf6 34. Bf4 Ke6 35. Bh6 Bb1 36. a3 Be4 37. Kc3 Bc6 38. Kd3 b5 39. cxb5 Bxb5+ 40. Ke3 d5 41. Kf4 d4 42. Ke4 Bc6+ 43. Kd3 Kd5 44. Kd2 Bd7 45. Kc2 Bf5+ 46. Kd2 Kc4 47. Bg5 h5 48. Be7 Kd5 49. Ke2 Bd7 50. Kd2 Bb5 51. Ke1 c4 52. Bf6 Ke4 53. Kd2 d3 0-1

[Event "Abu Dhabi op 25th"]
[Site "Abu Dhabi"]
[Date "2018.08.14"]
[Round "8"]
[White "Omar, Noaman"]
[Black "Pantsulaia, Levan"]
[Result "0-1"]
[WhiteElo "2353"]
[BlackElo "2587"]
[PlyCount "70"]
[EventDate "2018.08.07"]
[EventType "swiss"]
[EventRounds "9"]
[EventCountry "UAE"]
[SourceTitle "CBM 185 Extra"]
[Source "ChessBase"]
[SourceDate "2018.07.29"]
[SourceVersion "1"]
[SourceVersionDate "2018.07.29"]
[SourceQuality "1"]

1. d4 Nf6 2. Nc3 d5 3. Bf4 a6 4. e3 e6 5. a3 c5 6. Nf3 Nc6 7. Ne5 Bd6 8. Nxc6 bxc6 9. dxc5 Bxc5 10. Bd3 Bd6 11. Bxd6 Qxd6 12. e4 d4 13. Nb1 e5 14. Nd2 0-0 15. 0-0 Be6 16. Qe2 Qb8 17. b3 a5 18. a4 Nd7 19. Rae1 Re8 20. Bc4 Qb4 21. Bxe6 Rxe6 22. Rd1 Nb6 23. Nf3 c5 24. Ng5 Re7 25. Qh5 h6 26. Nf3 c4 27. Rb1 Qc5 28. bxc4 Nxa4 29. Rb5 Qxc4 30. Rxe5 Rxe5 31. Nxe5 Qe6 32. Rb1 Nc3 33. Rb7 a4 34. Nxf7 a3 35. f3 a2 0-1

[Event "Arab Clubs-chT"]
[Site "Sharjah"]
[Date "2018.02.11"]
[Round "7.2"]
[White "Omar, Noaman"]
[Black "Ahmad, Al Khatib"]
[Result "1/2-1/2"]
[WhiteElo "2364"]
[BlackElo "2315"]
[PlyCount "86"]
[EventDate "2018.02.06"]
[EventType "team-tourn"]
[EventRounds "9"]
[EventCountry "UAE"]
[SourceTitle "CBM 182 Extra"]
[Source "ChessBase"]
[SourceDate "2018.02.23"]
[SourceVersion "1"]
[SourceVersionDate "2018.02.23"]
[SourceQuality "1"]
[WhiteTeam "Sharjah"]
[BlackTeam "Amman"]
[WhiteTeamCountry "UAE"]
[BlackTeamCountry "JOR"]

1. d4 Nf6 2. c4 c5 3. d5 b5 4. Nf3 d6 5. a4 b4 6. Nbd2 g6 7. e4 Bg7 8. Bd3 0-0 9. 0-0 e5 10. Re1 Nh5 11. Nf1 Nd7 12. g3 h6 13. Ne3 Ndf6 14. Nh4 Nh7 15. Nef5 gxf5 16. Qxh5 Nf6 17. Qe2 fxe4 18. Bc2 Bg4 19. Qe3 Qd7 20. Bd2 Bh5 21. f3 Bxf3 22. Nxf3 exf3 23. Qxf3 Qg4 24. Qxg4 Nxg4 25. Bf5 Nf6 26. Re2 Rae8 27. Rae1 Re7 28. b3 Kh8 29. Kf2 Rc7 30. Kf3 Re7 31. h3 Nd7 32. g4 Rfe8 33. Bxd7 Rxd7 34. Ke4 h5 35. g5 f5+ 36. Kxf5 Rf7+ 37. Kg6 Rf3 38. Re3 Rf2 39. R1e2 Rf1 40. Re1 Rf2 41. R1e2 Rf1 42. Re1 Rf2 43. R1e2 Rf1 1/2-1/2

[Event "Arab Clubs-chT"]
[Site "Sharjah"]
[Date "2018.02.08"]
[Round "3.3"]
[White "Talbi, Chafik"]
[Black "Omar, Noaman"]
[Result "1/2-1/2"]
[WhiteElo "2241"]
[BlackElo "2364"]
[PlyCount "143"]
[EventDate "2018.02.06"]
[EventType "team-tourn"]
[EventRounds "9"]
[EventCountry "UAE"]
[SourceTitle "CBM 182 Extra"]
[Source "ChessBase"]
[SourceDate "2018.02.23"]
[SourceVersion "1"]
[SourceVersionDate "2018.02.23"]
[SourceQuality "1"]
[WhiteTeam "ASSN"]
[BlackTeam "Sharjah"]
[WhiteTeamCountry "ALG"]
[BlackTeamCountry "UAE"]

1. d4 d5 2. Nf3 Nf6 3. c4 e6 4. Nc3 Be7 5. Bf4 0-0 6. e3 b6 7. a3 c5 8. dxc5 bxc5 9. Be2 Bb7 10. 0-0 Nbd7 11. Qc2 Nh5 12. Qb3 Qb6 13. Qxb6 axb6 14. Bg5 Bxg5 15. Nxg5 Nhf6 16. Rfd1 Rfd8 17. Rd2 Kf8 18. Rad1 h6 19. Nf3 Ke7 20. cxd5 Nxd5 21. Bb5 N7f6 22. Nxd5+ Rxd5 23. Bc4 Rxd2 24. Rxd2 Ne4 25. Rd1 Nd6 26. Be2 f6 27. Nd2 Bd5 28. f3 f5 29. Kf2 Rd8 30. Nb1 Bb3 31. Rd2 b5 32. Ke1 Rb8 33. Bd3 g5 34. Nc3 b4 35. axb4 Rxb4 36. e4 f4 37. g3 Nf7 38. gxf4 gxf4 39. Ne2 Ne5 40. Kf2 Nxd3+ 41. Rxd3 Bc4 42. Rd2 Bxe2 43. Kxe2 Rb3 44. Kf2 Kf6 45. Rc2 Ke5 46. Rxc5+ Kd4 47. Rc2 Kd3 48. Re2 e5 49. Kf1 h5 50. h4 Rb7 51. Kf2 Rb6 52. Kf1 Rc6 53. Kf2 Rc1 54. b4 Rb1 55. Ra2 Rxb4 56. Ra3+ Kd4 57. Ra5 Rb2+ 58. Kg1 Rd2 59. Rd5+ Ke3 60. Rxe5 Kxf3 61. Rxh5 Kxe4 62. Ra5 Kf3 63. h5 Rg2+ 64. Kf1 Rh2 65. Ra3+ Kg4 66. h6 Rxh6 67. Kg2 Rb6 68. Kf2 Rb2+ 69. Kf1 Rb4 70. Kf2 Rb2+ 71. Kf1 f3 72. Ra8 1/2-1/2

[Event "Arab-ch blitz"]
[Site "Sharjah"]
[Date "2018.02.04"]
[Round "7"]
[White "Haddouche, Mohamed Amine"]
[Black "Omar, Noaman"]
[Result "1/2-1/2"]
[WhiteElo "2407"]
[BlackElo "2317"]
[PlyCount "94"]
[EventDate "2018.02.04"]
[EventType "swiss (blitz)"]
[EventRounds "7"]
[EventCountry "UAE"]
[SourceTitle "CBM 182 Extra"]
[Source "ChessBase"]
[SourceDate "2018.02.23"]
[SourceVersion "1"]
[SourceVersionDate "2018.02.23"]
[SourceQuality "1"]

1. e4 c6 2. Nf3 d5 3. Nc3 Bg4 4. h3 Bh5 5. Be2 e6 6. 0-0 Nf6 7. d3 dxe4 8. Nxe4 Nxe4 9. dxe4 Qxd1 10. Bxd1 Nd7 11. Be3 Bc5 12. Re1 Bxe3 13. Rxe3 Bxf3 14. Bxf3 Ne5 15. Be2 g5 16. Rd1 Ke7 17. Rb3 b6 18. Ra3 a5 19. Rg3 h6 20. h4 f6 21. Rh3 Ng6 22. hxg5 hxg5 23. Rxh8 Rxh8 24. g3 b5 25. Kg2 Ne5 26. f3 b4 27. Bf1 Rb8 28. Kf2 a4 29. f4 gxf4 30. gxf4 Ng6 31. Ke3 Rh8 32. Bg2 c5 33. Rh1 Rxh1 34. Bxh1 e5 35. f5 Nf4 36. Bf3 Kd6 37. Be2 Kc6 38. Bc4 Kb6 39. a3 Ka5 40. c3 Ng2+ 41. Kf2 Nf4 42. Ke3 bxa3 43. bxa3 Nh5 44. Bf7 Ng7 45. Bg6 Kb5 46. Kd3 c4+ 47. Ke3 Kb6 1/2-1/2

[Event "Arab-ch"]
[Site "Sharjah"]
[Date "2018.02.01"]
[Round "6"]
[White "Omar, Noaman"]
[Black "Arab, Adlane"]
[Result "1-0"]
[WhiteElo "2364"]
[BlackElo "2477"]
[PlyCount "61"]
[EventDate "2018.01.27"]
[EventType "swiss"]
[EventRounds "9"]
[EventCountry "UAE"]
[SourceTitle "EXT 2019"]
[Source "ChessBase"]
[SourceDate "2018.10.10"]
[SourceVersion "1"]
[SourceVersionDate "2018.10.10"]
[SourceQuality "1"]

1. d4 d5 2. c4 dxc4 3. Nf3 Nf6 4. Nc3 e6 5. e4 Bb4 6. Bxc4 Nxe4 7. 0-0 Nxc3 8. bxc3 Be7 9. Ne5 0-0 10. Qg4 Kh8 11. Qh3 Qe8 12. Bd3 f5 13. Be2 g6 14. Bh6 Rg8 15. Rae1 Nd7 16. Bb5 c6 17. Nxc6 bxc6 18. Bxc6 Rb8 19. Rxe6 Qf7 20. Qe3 Bf6 21. Bf4 Rb6 22. Re1 Rf8 23. c4 Bd8 24. Bd5 Rxe6 25. Bxe6 Qe7 26. c5 Re8 27. c6 Qxe6 28. Qxe6 Rxe6 29. Rxe6 Nf6 30. c7 Bxc7 31. Rxf6 1-0

[Event "Arab-ch"]
[Site "Sharjah"]
[Date "2018.01.28"]
[Round "2"]
[White "Omar, Noaman"]
[Black "Haddouche, Mohamed Amine"]
[Result "1-0"]
[WhiteElo "2364"]
[BlackElo "2505"]
[PlyCount "91"]
[EventDate "2018.01.27"]
[EventType "swiss"]
[EventRounds "9"]
[EventCountry "UAE"]
[SourceTitle "EXT 2019"]
[Source "ChessBase"]
[SourceDate "2018.10.10"]
[SourceVersion "1"]
[SourceVersionDate "2018.10.10"]
[SourceQuality "1"]

1. d4 Nf6 2. c4 d6 3. Nc3 e5 4. Nf3 exd4 5. Nxd4 Be7 6. g3 0-0 7. Bg2 Re8 8. 0-0 Bf8 9. b3 Nbd7 10. Bb2 Nc5 11. Qc2 Bd7 12. b4 Na6 13. b5 Nc5 14. Nb3 Nxb3 15. axb3 c6 16. Rfd1 Qc7 17. Qd3 Be6 18. bxc6 bxc6 19. Ne4 Nxe4 20. Bxe4 h6 21. Ra6 d5 22. cxd5 cxd5 23. Bh7+ Kh8 24. Bf5 Qb7 25. Bxe6 fxe6 26. Be5 Kg8 27. Rc1 Qf7 28. Rac6 Re7 29. Kg2 Rae8 30. Qd4 Rb7 31. Rc7 Re7 32. Rc8 Re8 33. R1c7 Rxc8 34. Rxc8 Rd7 35. f3 a5 36. g4 Qe7 37. Qb6 h5 38. h3 Kf7 39. Qxa5 hxg4 40. hxg4 Qb4 41. Qa8 Be7 42. Rh8 Bf8 43. Qc8 Ra7 44. Qc2 Rb7 45. Qh7 Qe7 46. Qh5+ 1-0

[Event "Wch Blitz"]
[Site "Riadh"]
[Date "2017.12.30"]
[Round "18"]
[White "Omar, Noaman"]
[Black "Salgado Lopez, Ivan"]
[Result "0-1"]
[WhiteElo "2364"]
[BlackElo "2644"]
[PlyCount "67"]
[EventDate "2017.12.29"]
[EventType "swiss (blitz)"]
[EventRounds "21"]
[EventCountry "SAU"]
[SourceTitle "CBM 182 Extra"]
[Source "ChessBase"]
[SourceDate "2018.02.23"]
[SourceVersion "1"]
[SourceVersionDate "2018.02.23"]
[SourceQuality "1"]

1. d4 Nf6 2. c4 e6 3. Nf3 b6 4. a3 Bb7 5. Nc3 d5 6. Qc2 Be7 7. cxd5 Nxd5 8. e4 Nxc3 9. bxc3 0-0 10. Bd3 c5 11. 0-0 Nd7 12. Bb2 Rc8 13. Qe2 Qc7 14. Rfb1 Rfd8 15. a4 Nf6 16. Ne5 Nd7 17. Nf3 Qf4 18. Bc1 Qg4 19. h3 Qh5 20. a5 c4 21. Bc2 b5 22. a6 Bc6 23. Ra5 Nb6 24. Bf4 f6 25. Qe3 Qf7 26. Bg3 Re8 27. Re1 Bd8 28. Raa1 Bc7 29. Bxc7 Qxc7 30. g3 Rcd8 31. h4 Qf7 32. Nh2 Qh5 33. f4 f5 34. exf5 0-1